000 00977nam a2200265 i 4500
003 DO-SdBNP
005 20231114140354.0
007 ta
008 110413s2000 dr 000 j spa d
040 _aDO-SdBNP
_bspa
_cBNPHU
_erda
082 _bE77
_222
100 1 _aEsquivel, José Antonio
_911765
_d1941-2015
245 1 3 _aLa buena nueva :
_breflexiones dominicanas, ciclo ¨C¨ /
_cJosé Antonio Esquivel ; prólogo Benjamín González Buelta ; recopilación Martha de Cabral
264 1 _aSanto Domingo :
_bEdiciones Dominicanas,
_c2000.
300 _a232 páginas
_c22 cm.
336 _2rdacontent
_atexto
_btxt
337 _2rdamedia
_asin mediación
_bn
338 _2rdacarrier
_avolumen
_bnc
500 _aIncluye datos biográficos del autor en la contraportada.
590 _aInventariado, 2023/ YL
700 1 _aGonzález Buelta, Benjamín
_eprólogo
_920491
700 1 _aCabral, Martha de
_erecopilación
_984637
910 _aYLockward
942 _2ddc
_cLBS1
999 _c55491
_d55491